[Event "35. Torneo Internacional La Roda "]
[Site "La Roda ESP"]
[Date "2008.03.22"]
[Round "6.10"]
[White "Cabrera, Alexis"]
[Black "Hernandez, Ivan"]
[Result "1-0"]
[WhiteElo "2491"]
[BlackElo "2314"]
[PlyCount "77"]
[EventDate "2008.03.19"]
[EventType "swiss"]
[EventRounds "9"]
[EventCountry "ESP"]
[Source "lmi"]
[SourceDate "2008.03.19"]

1. e4 e6 2. d4 d5 3. Nc3 Nf6 4. e5 Nfd7 5. f4 c5 6. Nf3 Nc6 7. Be3 cxd4 8. Nxd4
Bc5 9. Qd2 O-O 10. O-O-O a6 11. Qf2 Nxd4 12. Bxd4 Qc7 13. Bd3 Bxd4 14. Qxd4 Qc5
15. Ne2 b5 16. h4 b4 17. h5 a5 18. h6 g6 19. Qxc5 Nxc5 20. Kd2 Ba6 21. Nd4 Rfc8
22. Ra1 Kf8 23. a3 Bc4 24. axb4 axb4 25. b3 Bxd3 26. cxd3 Ra3 27. Rxa3 bxa3 28.
Ra1 Ra8 29. Ra2 f6 30. b4 fxe5 31. fxe5 Nd7 32. Nxe6+ Ke7 33. Nc7 Rf8 34. Rxa3
Nxe5 35. Nxd5+ Ke6 36. Ne3 Rf2+ 37. Kc3 Re2 38. Ra6+ Kd7 39. Nc4 1-0

[Event "35. Torneo Internacional La Roda "]
[Site "La Roda ESP"]
[Date "2008.03.22"]
[Round "6.11"]
[White "Rojas, Luis"]
[Black "Suba, Mihai"]
[Result "1/2-1/2"]
[WhiteElo "2414"]
[BlackElo "2485"]
[PlyCount "39"]
[EventDate "2008.03.19"]
[EventType "swiss"]
[EventRounds "9"]
[EventCountry "ESP"]
[Source "lmi"]
[SourceDate "2008.03.19"]

1. e4 c5 2. Nf3 d6 3. d4 Nf6 4. Nc3 cxd4 5. Nxd4 e6 6. Be2 a6 7. O-O Qc7 8. a4
Be7 9. f4 O-O 10. Kh1 b6 11. Bf3 Bb7 12. f5 e5 13. Nde2 Rd8 14. Qe1 Nc6 15. Nd5
Nxd5 16. exd5 Nd4 17. Be4 Bf6 18. Nc3 Rd7 19. Be3 Qd8 20. Qg3 1/2-1/2

[Event "35. Torneo Internacional La Roda "]
[Site "La Roda ESP"]
[Date "2008.03.22"]
[Round "6.13"]
[White "Garcia Moral Garcia, Jose Danie"]
[Black "Epishin, Vladimir"]
[Result "0-1"]
[WhiteElo "2280"]
[BlackElo "2577"]
[PlyCount "64"]
[EventDate "2008.03.19"]
[EventType "swiss"]
[EventRounds "9"]
[EventCountry "ESP"]
[Source "lmi"]
[SourceDate "2008.03.19"]

1. e4 c5 2. Nf3 e6 3. d4 cxd4 4. Nxd4 Bc5 5. Nb3 Be7 6. Nc3 d6 7. Bd3 Nf6 8. f4
Nc6 9. Qf3 Nb4 10. g4 Nxd3+ 11. cxd3 Nd7 12. O-O O-O 13. Be3 b6 14. Nd4 Bb7 15.
Qg3 Re8 16. g5 g6 17. Nf3 Rc8 18. h4 f5 19. gxf6 Nxf6 20. Ng5 Qd7 21. Qh3 Bf8
22. Rac1 h5 23. f5 exf5 24. exf5 gxf5 25. Bd4 Ng4 26. Rf4 Re5 27. Rcf1 Rce8 28.
Nf3 Bg7 29. Ng5 Re1 30. Bxg7 Qxg7 31. Nd1 R8e2 32. Nf2 Qe7 0-1

[Event "35. Torneo Internacional La Roda "]
[Site "La Roda ESP"]
[Date "2008.03.22"]
[Round "6.15"]
[White "Naranjo Moreno, Antonio"]
[Black "Roa Alonso, Santiago"]
[Result "1-0"]
[WhiteElo "2257"]
[BlackElo "2474"]
[PlyCount "53"]
[EventDate "2008.03.19"]
[EventType "swiss"]
[EventRounds "9"]
[EventCountry "ESP"]
[Source "lmi"]
[SourceDate "2008.03.19"]

1. e4 d6 2. d4 Nf6 3. Nc3 g6 4. f4 Bg7 5. Nf3 c5 6. Bb5+ Bd7 7. e5 Ng4 8. e6
Bxb5 9. exf7+ Kd7 10. Nxb5 Qa5+ 11. Nc3 cxd4 12. Nxd4 h5 13. Qf3 Nc6 14. Nxc6
bxc6 15. h3 Nh6 16. O-O Rab8 17. Re1 Nf5 18. Bd2 Rxb2 19. Rab1 Rb6 20. Rbd1 Rf8
21. Ne4 Qxa2 22. Bc3 Qc4 23. Bxg7 Rxf7 24. Qa3 a6 25. Ba1 Kc8 26. Qa5 Qb4 27.
Qa2 1-0

[Event "35. Torneo Internacional La Roda "]
[Site "La Roda ESP"]
[Date "2008.03.22"]
[Round "6.16"]
[White "Marholev, Dimitar"]
[Black "Guerra Tulcan, Lenin"]
[Result "1-0"]
[WhiteElo "2401"]
[BlackElo "2231"]
[PlyCount "123"]
[EventDate "2008.03.19"]
[EventType "swiss"]
[EventRounds "9"]
[EventCountry "ESP"]
[Source "lmi"]
[SourceDate "2008.03.19"]

1. e4 c5 2. Nf3 Nc6 3. d4 cxd4 4. Nxd4 e6 5. Nb5 d6 6. Bf4 e5 7. Be3 a6 8. N5c3
Be6 9. Nd2 Nf6 10. Bg5 Be7 11. Bxf6 Bxf6 12. Nc4 Nd4 13. Ne3 Rc8 14. Bd3 Bg5
15. Ncd5 Bxe3 16. Nxe3 d5 17. exd5 Bxd5 18. c3 Nc6 19. Bf5 Be6 20. Bxe6 fxe6
21. Qb3 Qe7 22. O-O O-O 23. Rae1 Rcd8 24. Ng4 Rf5 25. Re2 Kh8 26. Rfe1 Rdf8 27.
f3 b5 28. Kh1 Qd6 29. a3 Rh5 30. Qd1 Qe7 31. Nxe5 Nxe5 32. Rxe5 Rxe5 33. Rxe5
Rd8 34. Qe1 Rd6 35. h3 Qd7 36. Kh2 h6 37. Qe4 Qc7 38. f4 Qb6 39. b3 Qc7 40. c4
bxc4 41. bxc4 Rc6 42. c5 Qd7 43. h4 Kg8 44. Kh3 Kf7 45. h5 Kg8 46. Qc4 Kh8 47.
g3 Qd1 48. Qe4 Qd7 49. Qg6 Qc7 50. Qe8+ Kh7 51. a4 Qb7 52. Qg6+ Kh8 53. Qe8+
Kh7 54. Kg4 Qc8 55. Qxc8 Rxc8 56. f5 exf5+ 57. Kxf5 Rc6 58. Ke4 Kg8 59. Kd5 Rc8
60. c6 Kf7 61. Kd6 Kf6 62. Ra5 1-0

[Event "35. Torneo Internacional La Roda "]
[Site "La Roda ESP"]
[Date "2008.03.22"]
[Round "6.17"]
[White "Martinez Martin, David"]
[Black "Kislik, Erik Andrew"]
[Result "0-1"]
[WhiteElo "2395"]
[BlackElo "2216"]
[PlyCount "114"]
[EventDate "2008.03.19"]
[EventType "swiss"]
[EventRounds "9"]
[EventCountry "ESP"]
[Source "lmi"]
[SourceDate "2008.03.19"]

1. d4 Nf6 2. c4 g6 3. Nc3 Bg7 4. e4 d6 5. f3 O-O 6. Nge2 c5 7. d5 e6 8. Ng3
exd5 9. cxd5 h5 10. Be2 a6 11. a4 Nbd7 12. O-O Ne8 13. Be3 Nc7 14. Qd2 Rb8 15.
Rab1 b5 16. axb5 Nxb5 17. Nxb5 axb5 18. b4 c4 19. Bd1 Ne5 20. Bd4 f5 21. exf5
h4 22. f6 Qxf6 23. Ne2 h3 24. f4 hxg2 25. Kxg2 Qf5 26. Nc3 Bh6 27. Bc2 Qh3+ 28.
Kh1 Nf3 29. Qf2 Nxd4 30. Qxd4 Bg7 31. Qg1 Qxc3 32. Qxg6 Rd8 33. Rbe1 Qf6 34.
Qh7+ Kf8 35. Rg1 Bb7 36. Rg5 Bc8 37. Re6 Bxe6 38. dxe6 Re8 39. Rf5 Rxe6 40.
Rxf6+ Rxf6 41. Qh5 Rxf4 42. Qd5 Rf6 43. Bh7 Ke7 44. Bf5 c3 45. Qc6 Kf8 46. Bd3
Re6 47. Bxb5 c2 48. Qxc2 Rxb5 49. Qc8+ Ke7 50. Qc7+ Kf6 51. Qc4 Rg5 52. h4 Re1+
53. Kh2 Rge5 54. Qc8 Kg6 55. Qg4+ Kh7 56. h5 R5e2+ 57. Kh3 Rh1+ 0-1

[Event "35. Torneo Internacional La Roda "]
[Site "La Roda ESP"]
[Date "2008.03.22"]
[Round "6.18"]
[White "Robles Garcia, Claudia"]
[Black "Pomes Marcet, Juan"]
[Result "1/2-1/2"]
[WhiteElo "2203"]
[BlackElo "2388"]
[PlyCount "55"]
[EventDate "2008.03.19"]
[EventType "swiss"]
[EventRounds "9"]
[EventCountry "ESP"]
[Source "lmi"]
[SourceDate "2008.03.19"]

1. e4 e6 2. d4 d5 3. Nc3 Bb4 4. e5 c5 5. a3 Bxc3+ 6. bxc3 Qa5 7. Bd2 Qa4 8. Qb1
c4 9. h4 Nc6 10. h5 h6 11. f4 Nge7 12. Nf3 Bd7 13. g4 O-O-O 14. Be3 f5 15. g5
g6 16. hxg6 hxg5 17. Rxh8 Rxh8 18. Nxg5 Nd8 19. Kd2 Nxg6 20. Be2 Rh4 21. Nf3
Rh7 22. Qg1 Be8 23. Qg5 Ne7 24. Qf6 Nec6 25. Qf8 Bd7 26. Bf2 Qa5 27. Bg3 Rh3
28. Bf2 1/2-1/2

[Event "35. Torneo Internacional La Roda "]
[Site "La Roda ESP"]
[Date "2008.03.22"]
[Round "6.19"]
[White "Vehi Bach, Victor M"]
[Black "Jimenez Martinez, Jose Vicente"]
[Result "1/2-1/2"]
[WhiteElo "2373"]
[BlackElo "2200"]
[PlyCount "78"]
[EventDate "2008.03.19"]
[EventType "swiss"]
[EventRounds "9"]
[EventCountry "ESP"]
[Source "lmi"]
[SourceDate "2008.03.19"]

1. e4 d6 2. d4 g6 3. Nc3 Bg7 4. Be3 a6 5. f4 Nd7 6. Nf3 b5 7. Bd3 Bb7 8. Qe2 c5
9. dxc5 Nxc5 10. Bxc5 dxc5 11. e5 Nh6 12. Be4 Qc7 13. O-O-O O-O 14. Bxb7 Qxb7
15. Qe4 Qa7 16. Rd2 Rad8 17. Rhd1 Rxd2 18. Rxd2 e6 19. Qc6 c4 20. Qd7 Qb6 21.
Qd4 Qa5 22. Qc5 Rd8 23. Rxd8+ Qxd8 24. Qc6 Qa5 25. a3 Bf8 26. Ne4 Nf5 27. Kb1
h6 28. g4 Ne7 29. Nf6+ Kg7 30. Qa8 Nd5 31. Nxd5 exd5 32. c3 Bxa3 33. Qxd5 Qa4
34. Nd4 Qd1+ 35. Ka2 Kg8 36. e6 Bf8 37. exf7+ Kh7 38. f5 Qa4+ 39. Kb1 Qd1+
1/2-1/2

[Event "35. Torneo Internacional La Roda "]
[Site "La Roda ESP"]
[Date "2008.03.22"]
[Round "6.20"]
[White "Moreno Gracia, Daniel"]
[Black "Antoli Royo, Joaquin Miguel"]
[Result "1/2-1/2"]
[WhiteElo "2222"]
[BlackElo "2350"]
[PlyCount "100"]
[EventDate "2008.03.19"]
[EventType "swiss"]
[EventRounds "9"]
[EventCountry "ESP"]
[Source "lmi"]
[SourceDate "2008.03.19"]

1. c4 c6 2. d4 d5 3. cxd5 cxd5 4. Nc3 Nf6 5. Bf4 Nc6 6. e3 g6 7. h3 Bg7 8. Nf3
Ne4 9. Bd3 Qa5 10. Qb3 Nxc3 11. bxc3 O-O 12. O-O Qd8 13. Rfd1 Na5 14. Qb4 b6
15. Nd2 Bb7 16. c4 dxc4 17. Nxc4 Qd5 18. Bf1 Nc6 19. Qb3 Rfd8 20. Rac1 Rac8 21.
Nb2 Na5 22. Qxd5 Bxd5 23. Bc7 Rd7 24. Bf4 Rxc1 25. Rxc1 Rd8 26. Rc7 Ra8 27. Nc4
Nxc4 28. Bxc4 Bxc4 29. Rxc4 b5 30. Rc7 Bf8 31. Rb7 b4 32. Bc7 e5 33. d5 f6 34.
d6 a5 35. Rb5 a4 36. Rxb4 Kf7 37. Rb6 Ke6 38. Kf1 e4 39. Ke2 f5 40. Kd2 Ra5 41.
Rb4 Rd5+ 42. Kc2 Rc5+ 43. Kb2 Rd5 44. Kc2 Rc5+ 45. Kb2 a3+ 46. Kb3 Rc1 47. Rc4
Rd1 48. Rc2 Rd3+ 49. Rc3 Rd2 50. Rc2 Rd3+ 1/2-1/2

[Event "35. Torneo Internacional La Roda "]
[Site "La Roda ESP"]
[Date "2008.03.22"]
[Round "7.2"]
[White "Strikovic, Aleksa"]
[Black "Ibarra Jerez, Jose Carlos"]
[Result "1-0"]
[WhiteElo "2543"]
[BlackElo "2493"]
[PlyCount "149"]
[EventDate "2008.03.19"]
[EventType "swiss"]
[EventRounds "9"]
[EventCountry "ESP"]
[Source "lmi"]
[SourceDate "2008.03.19"]

1. e4 e6 2. d3 d5 3. Qe2 Nc6 4. Nf3 Nf6 5. e5 Nd7 6. g3 f6 7. exf6 Qxf6 8. Bg2
Bd6 9. O-O Nde5 10. Nxe5 Qxe5 11. Qd1 O-O 12. c3 Qf6 13. Nd2 Ne7 14. Qb3 Bd7
15. d4 b5 16. f4 b4 17. Nf3 bxc3 18. Qxc3 a5 19. Be3 Bb5 20. Rfc1 Nf5 21. Bf2
h6 22. a4 Be8 23. Ne5 g5 24. fxg5 hxg5 25. Rf1 Qg7 26. Nd3 Rf6 27. Nc5 c6 28.
Rae1 Qh6 29. h3 Bh5 30. Nd7 Rf7 31. Ne5 Rh7 32. Qxc6 Rd8 33. g4 Be8 34. Qb6 Bc7
35. Qc5 Nd6 36. b3 Ne4 37. Qc1 Rb8 38. Re3 Bb6 39. Qd1 Rc7 40. Be1 Rbc8 41.
Bxe4 Rc1 42. Qf3 dxe4 43. Qxe4 Rd8 44. Rd3 Qg7 45. Bf2 Rxf1+ 46. Kxf1 Bc7 47.
Bg3 Rd5 48. Rf3 Qh6 49. Kg2 Bb6 50. Bf2 Bc7 51. Rc3 Qg7 52. Bg3 Bb6 53. Rc8 Rd8
54. Rxd8 Bxd8 55. Nc6 Bf6 56. Qxe6+ Bf7 57. Qd6 Qg6 58. Ne7+ Bxe7 59. Qxe7 Bd5+
60. Kg1 Qb1+ 61. Be1 Qxb3 62. Qxg5+ Kf7 63. Qf5+ Kg8 64. Kh2 Bf3 65. Bf2 Qb8+
66. Qe5 Qa8 67. Kg3 Bg2 68. Qg5+ Kh7 69. Qf5+ Kg7 70. Be3 Bh1 71. Bf4 Qc6 72.
Be5+ Kg8 73. Qf6 Qc3+ 74. Kh4 Qe1+ 75. Kh5 1-0

[Event "35. Torneo Internacional La Roda "]
[Site "La Roda ESP"]
[Date "2008.03.22"]
[Round "7.4"]
[White "Pogorelov, Ruslan"]
[Black "Mirzoev, Azer"]
[Result "1/2-1/2"]
[WhiteElo "2396"]
[BlackElo "2518"]
[PlyCount "28"]
[EventDate "2008.03.19"]
[EventType "swiss"]
[EventRounds "9"]
[EventCountry "ESP"]
[Source "lmi"]
[SourceDate "2008.03.19"]

1. c4 c6 2. Nf3 Nf6 3. Nc3 d5 4. d4 dxc4 5. a4 Bf5 6. e3 e6 7. Bxc4 Bb4 8. O-O
Nbd7 9. Qe2 O-O 10. e4 Bg6 11. e5 Nd5 12. Nxd5 cxd5 13. Bd3 Bxd3 14. Qxd3 Be7
1/2-1/2

[Event "35. Torneo Internacional La Roda "]
[Site "La Roda ESP"]
[Date "2008.03.22"]
[Round "7.5"]
[White "Cabrera, Alexis"]
[Black "Almeida Quintana, Omar"]
[Result "1-0"]
[WhiteElo "2491"]
[BlackElo "2500"]
[PlyCount "79"]
[EventDate "2008.03.19"]
[EventType "swiss"]
[EventRounds "9"]
[EventCountry "ESP"]
[Source "lmi"]
[SourceDate "2008.03.19"]

1. e4 c5 2. Nf3 d6 3. d4 cxd4 4. Nxd4 Nf6 5. Nc3 Nc6 6. Bg5 Bd7 7. Qd2 Rc8 8.
f4 Nxd4 9. Qxd4 Qa5 10. e5 dxe5 11. fxe5 e6 12. O-O-O Rxc3 13. Bd2 Qxa2 14.
Bxc3 g6 15. b4 Nd5 16. Bc4 Bh6+ 17. Rd2 Qa3+ 18. Bb2 Qxb4 19. Bxd5 Qxd2+ 20.
Qxd2 Bxd2+ 21. Kxd2 exd5 22. e6 Rg8 23. exd7+ Kxd7 24. Bd4 a6 25. Rb1 b5 26.
Ra1 Ra8 27. Bc3 h5 28. Kd3 f5 29. Kd4 Rc8 30. Rxa6 b4 31. Bd2 Rxc2 32. Kd3 b3
33. Rb6 Rc4 34. h3 f4 35. Rxg6 b2 36. Rb6 f3 37. gxf3 Rh4 38. Rxb2 Rxh3 39. Ke3
Rh4 40. Rb6 1-0

[Event "35. Torneo Internacional La Roda "]
[Site "La Roda ESP"]
[Date "2008.03.22"]
[Round "7.6"]
[White "Epishin, Vladimir"]
[Black "Perez Rodriguez, Luis Manuel"]
[Result "1/2-1/2"]
[WhiteElo "2577"]
[BlackElo "2432"]
[PlyCount "46"]
[EventDate "2008.03.19"]
[EventType "swiss"]
[EventRounds "9"]
[EventCountry "ESP"]
[Source "lmi"]
[SourceDate "2008.03.19"]

1. d4 d5 2. c4 c6 3. Nf3 Nf6 4. Qb3 dxc4 5. Qxc4 Bf5 6. g3 e6 7. Bg2 Be7 8. O-O
O-O 9. b3 b5 10. Qc3 c5 11. Bb2 Nbd7 12. dxc5 Bxc5 13. b4 Bb6 14. Qb3 Rc8 15.
Nc3 Ne4 16. Rad1 Nxc3 17. Bxc3 Qe7 18. Qb2 e5 19. Nh4 Bg4 20. Rd5 Be6 21. Rd3
Rc4 22. Bxe5 Rxb4 23. Qa1 Nxe5 1/2-1/2

[Event "35. Torneo Internacional La Roda "]
[Site "La Roda ESP"]
[Date "2008.03.22"]
[Round "7.8"]
[White "Kolev, Atanas"]
[Black "Macak, Stefan"]
[Result "1/2-1/2"]
[WhiteElo "2572"]
[BlackElo "2361"]
[PlyCount "106"]
[EventDate "2008.03.19"]
[EventType "swiss"]
[EventRounds "9"]
[EventCountry "ESP"]
[Source "lmi"]
[SourceDate "2008.03.19"]

1. e4 e6 2. d4 d5 3. Nd2 Nf6 4. e5 Nfd7 5. Bd3 c5 6. c3 Nc6 7. Ne2 cxd4 8. cxd4
f6 9. exf6 Nxf6 10. Nf3 Bd6 11. O-O Qc7 12. Bg5 O-O 13. Rc1 h6 14. Bh4 Nh5 15.
Bg6 Nf4 16. Nxf4 Bxf4 17. Rc3 Bd7 18. Bb1 Be8 19. Qd3 g5 20. Bg3 Qg7 21. Re1
Bd7 22. a3 Rf7 23. Ne5 Nxe5 24. Rxe5 Rc8 25. Bc2 Rxc3 26. Qxc3 Qf6 27. Bxf4
Qxf4 28. Qe3 Kf8 29. Bd3 Ke7 30. g3 Qxe3 31. Rxe3 Rf8 32. Be2 Rc8 33. Rc3 Rxc3
34. bxc3 Kf6 35. Bg4 Be8 36. f4 gxf4 37. gxf4 h5 38. Bh3 Bg6 39. Kf2 h4 40. Ke3
Bf5 41. Bf1 Bb1 42. c4 dxc4 43. Bxc4 b6 44. d5 exd5 45. Bxd5 Bc2 46. Bc6 Bb1
47. Bd5 Bc2 48. Bc6 Bd1 49. Be4 Bg4 50. Kd4 Bf5 51. Bc6 Be6 52. Be4 Bf5 53. Bc6
Be6 1/2-1/2

[Event "35. Torneo Internacional La Roda "]
[Site "La Roda ESP"]
[Date "2008.03.22"]
[Round "7.9"]
[White "Paunovic, Dragan"]
[Black "Fernandez Siles, Luis"]
[Result "1-0"]
[WhiteElo "2522"]
[BlackElo "2333"]
[PlyCount "99"]
[EventDate "2008.03.19"]
[EventType "swiss"]
[EventRounds "9"]
[EventCountry "ESP"]
[Source "lmi"]
[SourceDate "2008.03.19"]

1. Nf3 f5 2. g3 Nf6 3. Bg2 g6 4. b3 Bg7 5. Bb2 O-O 6. O-O d6 7. d4 Qe8 8. c4
Ne4 9. Nc3 Nxc3 10. Bxc3 Nc6 11. b4 e5 12. b5 Nxd4 13. Nxd4 exd4 14. Bxd4 Bxd4
15. Qxd4 Qe5 16. Qd2 Be6 17. Bxb7 Rab8 18. Bf3 Bxc4 19. a4 d5 20. Rfd1 Rbd8 21.
e3 Rf6 22. Rac1 Rfd6 23. Qa5 a6 24. Qxc7 axb5 25. axb5 Bxb5 26. Rb1 Bc6 27. Rb6
Qe8 28. Rb4 Qd7 29. Qa5 Qe7 30. Rbd4 Qe5 31. Rc1 Be8 32. Rc7 Bf7 33. h4 h6 34.
Kg2 g5 35. Qa7 Rf8 36. Rd7 Rxd7 37. Qxd7 Qe6 38. Qxe6 Bxe6 39. Bxd5 Bxd5+ 40.
Rxd5 gxh4 41. gxh4 Kg7 42. Kf3 Kg6 43. Kf4 h5 44. Rd6+ Kh7 45. f3 Rf7 46. Re6
Rf8 47. Kg5 Kg7 48. Re7+ Kg8 49. Kxh5 Ra8 50. Kg5 1-0

[Event "35. Torneo Internacional La Roda "]
[Site "La Roda ESP"]
[Date "2008.03.22"]
[Round "7.10"]
[White "Suba, Mihai"]
[Black "Cori, Jorge"]
[Result "1-0"]
[WhiteElo "2485"]
[BlackElo "2346"]
[PlyCount "98"]
[EventDate "2008.03.19"]
[EventType "swiss"]
[EventRounds "9"]
[EventCountry "ESP"]
[Source "lmi"]
[SourceDate "2008.03.19"]

1. Nf3 Nf6 2. c4 g6 3. Nc3 Bg7 4. e4 d6 5. d4 O-O 6. Be2 e5 7. O-O Nc6 8. d5
Ne7 9. b4 Nd7 10. a4 a5 11. Ba3 axb4 12. Bxb4 Nc5 13. a5 Na6 14. Ba3 f5 15. Nd2
fxe4 16. Ndxe4 Nf5 17. c5 Nxc5 18. Nxc5 dxc5 19. Bxc5 Nd6 20. Nb5 Rf7 21. Nxd6
cxd6 22. Bb6 Qg5 23. Qc1 Qxc1 24. Rfxc1 Bf5 25. Ra4 Bh6 26. Rcc4 Bd7 27. Ra2
Rc8 28. Rxc8+ Bxc8 29. Rc2 Bf5 30. Rc4 Bd7 31. h3 Bg5 32. Bg4 Bf5 33. Bxf5 gxf5
34. g4 Kg7 35. Kg2 Bd2 36. Kf1 fxg4 37. Rxg4+ Kf6 38. Ke2 Bf4 39. Rg8 Kf5 40.
Kd3 e4+ 41. Kc4 Be5 42. Be3 Bf4 43. Bd4 Be5 44. Bb6 Kf4 45. Rg3 Kf5 46. Rg4 h5
47. Rg8 Kf4 48. Kb5 Kf3 49. Rg5 Bc3 1-0

[Event "35. Torneo Internacional La Roda "]
[Site "La Roda ESP"]
[Date "2008.03.22"]
[Round "7.11"]
[White "Palencia, Wilson"]
[Black "Herraiz Hidalgo, Herminio"]
[Result "0-1"]
[WhiteElo "2287"]
[BlackElo "2485"]
[PlyCount "68"]
[EventDate "2008.03.19"]
[EventType "swiss"]
[EventRounds "9"]
[EventCountry "ESP"]
[Source "lmi"]
[SourceDate "2008.03.19"]

1. d4 f5 2. Nf3 Nf6 3. g3 g6 4. Bg2 Bg7 5. O-O O-O 6. c4 d6 7. Nc3 Qe8 8. Nd5
Nxd5 9. cxd5 Nd7 10. Ng5 Nb6 11. a4 c6 12. dxc6 bxc6 13. d5 c5 14. Qc2 Rb8 15.
Ra2 Na8 16. e4 Nc7 17. exf5 Bxf5 18. Qe2 h6 19. Ne6 Nxe6 20. dxe6 g5 21. g4 Bh7
22. f4 gxf4 23. Bxf4 Qg6 24. Bd5 Rb4 25. Bxd6 Rxg4+ 26. Bg3 Rxg3+ 27. hxg3
Qxg3+ 28. Qg2 Bd4+ 29. Kh1 Rxf1+ 30. Qxf1 Qh4+ 31. Kg2 Qg5+ 32. Kh2 Be5+ 33.
Kh1 Qh4+ 34. Kg2 Qg3+ 0-1

[Event "35. Torneo Internacional La Roda "]
[Site "La Roda ESP"]
[Date "2008.03.22"]
[Round "7.12"]
[White "Kislik, Erik Andrew"]
[Black "Rojas, Luis"]
[Result "1-0"]
[WhiteElo "2216"]
[BlackElo "2414"]
[PlyCount "61"]
[EventDate "2008.03.19"]
[EventType "swiss"]
[EventRounds "9"]
[EventCountry "ESP"]
[Source "lmi"]
[SourceDate "2008.03.19"]

1. e4 g6 2. d4 Bg7 3. Nc3 d6 4. Bg5 Nc6 5. d5 Nd4 6. Nge2 Bg4 7. Qd2 Bxe2 8.
Nxe2 Nxe2 9. Bxe2 Nf6 10. Bb5+ Nd7 11. O-O O-O 12. c3 Ne5 13. Ba4 c6 14. Kh1
cxd5 15. exd5 a6 16. Rfe1 b5 17. Bb3 Re8 18. Re2 Rb8 19. Rae1 Rb7 20. Re4 Qc8
21. Qe2 h6 22. Bc1 g5 23. f4 gxf4 24. Rxf4 Ng6 25. Rff1 Rf8 26. Qh5 Kh7 27. Bc2
Qe8 28. Re3 e5 29. dxe6 fxe6 30. Rxf8 Bxf8 31. Rg3 1-0

[Event "35. Torneo Internacional La Roda "]
[Site "La Roda ESP"]
[Date "2008.03.22"]
[Round "7.13"]
[White "Llorente Zaro, Alfonso"]
[Black "Naranjo Moreno, Antonio"]
[Result "1/2-1/2"]
[WhiteElo "2435"]
[BlackElo "2257"]
[PlyCount "29"]
[EventDate "2008.03.19"]
[EventType "swiss"]
[EventRounds "9"]
[EventCountry "ESP"]
[Source "lmi"]
[SourceDate "2008.03.19"]

1. c4 Nf6 2. g3 g6 3. Bg2 Bg7 4. Nc3 O-O 5. e4 d6 6. Nge2 c5 7. O-O Nc6 8. d3
a6 9. f4 Rb8 10. h3 Bd7 11. g4 b5 12. Rb1 b4 13. Nd5 Nxd5 14. cxd5 Nd4 15. Be3
1/2-1/2

[Event "35. Torneo Internacional La Roda "]
[Site "La Roda ESP"]
[Date "2008.03.22"]
[Round "7.14"]
[White "Fernandez Barrera, Victor"]
[Black "Larino Nieto, David"]
[Result "1-0"]
[WhiteElo "2247"]
[BlackElo "2439"]
[PlyCount "93"]
[EventDate "2008.03.19"]
[EventType "swiss"]
[EventRounds "9"]
[EventCountry "ESP"]
[Source "lmi"]
[SourceDate "2008.03.19"]

1. e4 e6 2. d4 d5 3. Nc3 Nf6 4. Bg5 Be7 5. e5 Nfd7 6. h4 a6 7. Qg4 f6 8. Qh5+
Kf8 9. exf6 Nxf6 10. Qf3 c5 11. dxc5 Nc6 12. O-O-O Bd7 13. Nh3 b6 14. Nf4 bxc5
15. Ncxd5 exd5 16. Rxd5 Nd4 17. Rxd7 Nxf3 18. Rxd8+ Bxd8 19. gxf3 Ke7 20. Bc4
Re8 21. Re1+ Kd7 22. Rd1+ Kc8 23. Ne6 Ra7 24. Nxd8 h6 25. Bxf6 gxf6 26. Nf7 Kb8
27. Nxh6 Rh7 28. Nf5 Re5 29. Bd3 Kc7 30. Be4 Rh5 31. Ne3 Rxh4 32. Nd5+ Kc8 33.
Nxf6 c4 34. c3 Ra5 35. a3 Rh2 36. Ng4 Rh4 37. Rd5 Rb5 38. a4 Rb6 39. Rc5+ Kb8
40. Rxc4 Rd6 41. Rd4 Re6 42. b4 Rh1+ 43. Rd1 Rh4 44. Kc2 Re7 45. Rd6 Ka7 46. b5
axb5 47. axb5 1-0

[Event "35. Torneo Internacional La Roda "]
[Site "La Roda ESP"]
[Date "2008.03.22"]
[Round "7.15"]
[White "Dolezal, Cristian"]
[Black "Robles Garcia, Claudia"]
[Result "1/2-1/2"]
[WhiteElo "2425"]
[BlackElo "2203"]
[PlyCount "134"]
[EventDate "2008.03.19"]
[EventType "swiss"]
[EventRounds "9"]
[EventCountry "ESP"]
[Source "lmi"]
[SourceDate "2008.03.19"]

1. e4 d6 2. d4 Nf6 3. Nc3 g6 4. Bg5 Bg7 5. Qd2 h6 6. Bh4 g5 7. Bg3 Nh5 8. O-O-O
Nd7 9. Nd5 Ndf6 10. Nxf6+ Bxf6 11. Kb1 c6 12. Ne2 Qb6 13. c3 Be6 14. Nc1 O-O-O
15. Bd3 Kb8 16. Qe2 g4 17. Bc4 Nxg3 18. hxg3 Bxc4 19. Qxc4 c5 20. dxc5 Qxc5 21.
Qe2 Qg5 22. Rd5 Qg6 23. Rhd1 Rc8 24. Nb3 Be5 25. Nd4 e6 26. Rb5 a6 27. Rb4 Ka8
28. Nc2 Rc5 29. Ne3 h5 30. Nc4 Rd8 31. a4 f6 32. Qc2 Ka7 33. Ka2 Qh7 34. Qb3
Qc7 35. Nxe5 Rxe5 36. f4 gxf3 37. gxf3 d5 38. Rd3 Rd7 39. Rbd4 f5 40. exf5 Rxf5
41. f4 Rh7 42. Re3 e5 43. fxe5 Rxe5 44. Red3 Rg5 45. Qc2 Rhg7 46. Qf2 b6 47. a5
Qc5 48. b4 Qb5 49. Rf3 Re5 50. Rd2 Kb7 51. Rf7+ Re7 52. Rxe7+ Rxe7 53. Qxb6+
Qxb6 54. axb6 Re3 55. Kb3 Re5 56. Rf2 Kxb6 57. Rf6+ Kb5 58. Rd6 Rg5 59. Rd8 Kc6
60. Rc8+ Kd6 61. Ra8 Rxg3 62. Rxa6+ Kc7 63. Ra7+ Kc6 64. Rh7 d4 65. Rh6+ Kb7
66. Rh7+ Kc6 67. Rh6+ Kb7 1/2-1/2

[Event "35. Torneo Internacional La Roda "]
[Site "La Roda ESP"]
[Date "2008.03.22"]
[Round "7.16"]
[White "Kovacevic, Slobodan"]
[Black "Cortes Lizano, Jesus"]
[Result "1-0"]
[WhiteElo "2413"]
[BlackElo "2250"]
[PlyCount "43"]
[EventDate "2008.03.19"]
[EventType "swiss"]
[EventRounds "9"]
[EventCountry "ESP"]
[Source "lmi"]
[SourceDate "2008.03.19"]

1. d4 Nf6 2. Nf3 c6 3. Bf4 g6 4. e3 Bg7 5. Be2 O-O 6. O-O Re8 7. h3 d6 8. c4
Ne4 9. Bh2 Nd7 10. Bd3 f5 11. Bxe4 fxe4 12. Nfd2 d5 13. cxd5 cxd5 14. Nc3 e6
15. Nb5 e5 16. Rc1 Nb6 17. Nc7 Qg5 18. Kh1 Bd7 19. Nxa8 Rxa8 20. dxe5 Rf8 21.
Qe2 a6 22. f4 1-0

[Event "35. Torneo Internacional La Roda "]
[Site "La Roda ESP"]
[Date "2008.03.22"]
[Round "7.17"]
[White "Pomes Marcet, Juan"]
[Black "Sanchez Gonzalez, Sergio"]
[Result "1/2-1/2"]
[WhiteElo "2388"]
[BlackElo "2234"]
[PlyCount "39"]
[EventDate "2008.03.19"]
[EventType "swiss"]
[EventRounds "9"]
[EventCountry "ESP"]
[Source "lmi"]
[SourceDate "2008.03.19"]

1. d4 Nf6 2. c4 e6 3. Nc3 Bb4 4. e3 O-O 5. Nge2 d5 6. a3 Be7 7. Ng3 c5 8. dxc5
dxc4 9. Qc2 Nbd7 10. Bxc4 Bxc5 11. O-O a6 12. b4 Be7 13. Bb2 b5 14. Bd3 Bb7 15.
Rfd1 Rc8 16. Rac1 h6 17. Qb1 Qb6 18. Nce4 Rxc1 19. Rxc1 Rc8 20. Rxc8+ 1/2-1/2

[Event "35. Torneo Internacional La Roda "]
[Site "La Roda ESP"]
[Date "2008.03.22"]
[Round "7.18"]
[White "Garcia Moreno, Carlos"]
[Black "Vehi Bach, Victor M"]
[Result "0-1"]
[WhiteElo "2182"]
[BlackElo "2373"]
[PlyCount "62"]
[EventDate "2008.03.19"]
[EventType "swiss"]
[EventRounds "9"]
[EventCountry "ESP"]
[Source "lmi"]
[SourceDate "2008.03.19"]

1. e4 c5 2. Nf3 e6 3. d4 cxd4 4. Nxd4 Nc6 5. Nc3 Qc7 6. Nb3 a6 7. Bd3 Nf6 8.
O-O Be7 9. Qe2 O-O 10. f4 d6 11. Bd2 Nd7 12. a4 Nb4 13. Kh1 Nc5 14. Nxc5 dxc5
15. e5 Nxd3 16. cxd3 b6 17. Ne4 Bb7 18. Rf3 Qd7 19. Bc3 Rfd8 20. Rg3 Bxe4 21.
dxe4 Bf8 22. Qh5 Qc6 23. f5 Qxe4 24. fxe6 fxe6 25. Re1 Qxa4 26. Rh3 Qc2 27. Rf1
Qg6 28. Qxg6 hxg6 29. Rg3 Ra7 30. Rxg6 Rf7 31. Ra1 Rfd7 0-1